| 000 | 00657cam a2200193 4500 | ||
|---|---|---|---|
| 001 | X104572 | ||
| 008 | 000000n2000 000 0 eng u | ||
| 035 | _a(Sirsi) u104572 | ||
| 245 | _aHolbeck v Scarborough BC | ||
| 260 | _c2000 | ||
| 490 |
_aNew Property Cases _v[2000] 17 NPC 1-4(4) |
||
| 520 | _aCA 22 February 2000. An example of where a defendant landowner is not liable for acts of nature on his land causing damage to his neighbour's land. Headnote from journal - No photocopying allowed. | ||
| 650 | _aACTS OF NATURE | ||
| 650 | _aDAMAGE | ||
| 650 | _aHOLBECK V SCARBOROUGH BC | ||
| 650 | _aNUISANCE | ||
| 690 | _aPROPERTY | ||
| 942 | _n0 | ||
| 999 |
_c62756 _d62756 |
||